Dams and hydro-projects in India (Record no. 12859)

MARC details
000 -LEADER
fixed length control field 00610nam a2200181Ia 4500
003 - CONTROL NUMBER IDENTIFIER
control field IN-BaIIA
008 - FIXED-LENGTH DATA ELEMENTS--GENERAL INFORMATION
fixed length control field 211028s9999 xx 000 0 eng d
040 ## - CATALOGING SOURCE
Transcribing agency IIA Library
080 ## - UNIVERSAL DECIMAL CLASSIFICATION NUMBER
Universal Decimal Classification number 627.8(540)
Item number CIV
110 ## - MAIN ENTRY--CORPORATE NAME
Corporate name or jurisdiction name as entry element India. Civil Engineering and Construction Review
9 (RLIN) 22556
245 #0 - TITLE STATEMENT
Title Dams and hydro-projects in India
Remainder of title a compilation of reprints from CE & CR (1988-97)
Statement of responsibility, etc. Civil Engineering and Construction Review
260 ## - PUBLICATION, DISTRIBUTION, ETC.
Place of publication, distribution, etc. New Delhi
Name of publisher, distributor, etc. CE & CR
Date of publication, distribution, etc. 1997
300 ## - PHYSICAL DESCRIPTION
Extent 166p.
650 ## - SUBJECT ADDED ENTRY--TOPICAL TERM
Topical term or geographic name entry element Civil engineering
9 (RLIN) 5496
650 ## - SUBJECT ADDED ENTRY--TOPICAL TERM
Topical term or geographic name entry element Dams
9 (RLIN) 22557
650 ## - SUBJECT ADDED ENTRY--TOPICAL TERM
Topical term or geographic name entry element Hydro-projects
9 (RLIN) 22558
942 ## - ADDED ENTRY ELEMENTS (KOHA)
Koha item type Books
Holdings
Withdrawn status Lost status Damaged status Not for loan Home library Current library Shelving location Date acquired Cost, normal purchase price Total Checkouts Full call number Barcode Date last seen Cost, replacement price Price effective from Koha item type Purchase Price
        IIA Library-Bangalore IIA Library-Bangalore General Stacks 21/01/1999 250.00   627.8(540)/ CIV 13776 05/11/2021 250.00 21/01/1999 Books Rs. 250.00

Powered by Koha